| 000 | 00000nam 2200000zi 4500 |
| 001 | 9.915466 |
| 003 | CaOODSP |
| 005 | 20221107183229 |
| 006 | m o d f |
| 007 | cr cn||||||||| |
| 008 | 220915t20222022oncb ob f000 0 eng d |
| 020 | |a9780660455044 |
| 040 | |aCaOODSP|beng|erda|cCaOODSP |
| 043 | |an-cn--- |
| 086 | 1 |aCS92-639/2021-1E-PDF |
| 245 | 00|aAgricultural ecumene boundary file : |breference guide : 2021 Census of Agriculture. |
| 264 | 1|a[Ottawa] : |bStatistics Canada = Statistique Canada, |c2022. |
| 264 | 4|c©2022 |
| 300 | |a1 online resource (14 pages) : |bmap |
| 336 | |atext|btxt|2rdacontent |
| 337 | |acomputer|bc|2rdamedia |
| 338 | |aonline resource|bcr|2rdacarrier |
| 500 | |aIssued also in French under title: Fichier des limites pour l'écoumène agricole : guide de référence : Recensement de l'agriculture de 2021. |
| 500 | |a"Release date: September 27, 2022." |
| 500 | |aIssued also in HTML format. |
| 504 | |aIncludes bibliographical references (page 14). |
| 650 | 0|aAgricultural surveys|zCanada|vHandbooks, manuals, etc. |
| 650 | 0|aCensus districts|zCanada|vHandbooks, manuals, etc. |
| 655 | 7|aHandbooks and manuals|2lcgft |
| 710 | 2 |aStatistics Canada, |eissuing body. |
| 775 | 08|tFichier des limites pour l'écoumène agricole : |w(CaOODSP)9.915468 |
| 795 | |tAgricultural ecumene boundary file - reference guide |w(CaOODSP)9.841617 |
| 856 | 40|qPDF|s489 KB|uhttps://publications.gc.ca/collections/collection_2022/statcan/92-639-g2021001-eng.pdf |
| 856 | 4 |qHTML|sN/A|uhttps://www150.statcan.gc.ca/n1/pub/92-639-g/92-639-g2021001-eng.htm |
| 986 | |a92-639-G2021001 |